Entry Nombre personal
001 - NÚMERO DE CONTROL
- campo de control: 176264
003 - IDENTIFICADOR DE NÚMERO DE CONTROL
- campo de control: SpMaBN
005 - FECHA Y HORA DE LA ÚLTIMA TRANSACCIÓN
- campo de control: 20240202150439.0
008 - ELEMENTOS DE DATO DE LONGITUD-FIJA
- campo de control de longitud fija: 220822n azznnaabn n aac
040 ## - FUENTE DE CATALOGACIÓN
- Centro catalogador/agencia de origen: SpMaBN
- Lengua de catalogación: spa
- Centro/agencia transcriptor: SpMaBN
- Normas de descripción: rdc
- Convención/Normas de encabezamiento de materia/tesauro: embne
046 ## - FECHAS CON CODIFICACIÓN ESPECIAL
- Fecha de nacimiento: 1980
100 1# - ENCABEZAMIENTO-NOMBRE DE PERSONA
- Nombre de persona: Parra, Daniel,
- Fechas asociadas al nombre: 1980-
370 ## - LUGAR ASOCIADO
- Lugar de nacimiento: España, Andalucía, Córdoba (Provincia), Córdoba
- Fuente del término: embne
374 ## - OCUPACIÓN
- Ocupación: Ilustradores
- Ocupación: Pintores
- Fuente del término: embne
375 ## - GÉNERO/SEXO
- Género: Masculino
400 1# - TRAZADO DE VÉASE--NOMBRE DE PERSONA
- Nombre de persona: Parra Lozano, Daniel,
- Fechas asociadas al nombre: 1980
670 ## - FUENTE DE DATOS ENCONTRADOS
- Cita de la fuente: Relatos para hackear el tiempo, 2021
- Información encontrada: portada (ilustraciones, Daniel Parra)
670 ## - FUENTE DE DATOS ENCONTRADOS
- Cita de la fuente: WWW Web del ilustrador, 22-08-2022
- Información encontrada: (Daniel Parra Lozano. Córdoba, 1980; ilustrador)
